[Event "ICS rated blitz match"]
[Site "204.178.125.65"]
[Date "1999.08.17"]
[Round "?"]
[White "Hossa"]
[Black "hnishy"]
[Result "1-0"]
[WhiteElo "2367"]
[BlackElo "2266"]
[Annotator "Fritz 5.32 (15s)"]
[PlyCount "25"]
[EventDate "1999.??.??"]

1. d4 1... e6 {Opening = A40 - 1.d4 ---} 2. Bf4 2... d6 $146 {Ueberdeckt e5} (
2... f5 3. e3 Nf6 4. h3 (4. Bd3 d6 5. Nd2 g6 6. h4 Bg7 7. Ngf3 Nc6 8. c3 Qe7 9.
Bg5 Bd7 10. b4 h6 11. Bxf6 Qxf6 12. a4 e5 13. d5 Ne7 14. e4 c6 15. c4 O-O 16.
Rc1 Rac8 17. Bb1 cxd5 18. exd5 e4 19. Ng1 Rc7 20. c5 Rfc8 21. Nc4 b6 22. c6
Bxc6 23. Nxb6 axb6 24. dxc6 Rxc6 25. Rxc6 Rxc6 26. b5 26... Rc5 {
0-1 Thormann,A-Horstmann,O/Neuwied op 1993/GER 09 (26)}) 4... d5 5. Nf3 c6 6.
Be2 Bd6 7. Bxd6 Qxd6 8. Nbd2 O-O 9. Ne5 Nbd7 10. f4 Ne4 11. Nxe4 fxe4 12. Nxd7
Bxd7 13. O-O c5 14. dxc5 Qxc5 15. Qd2 Bb5 16. c3 Rac8 17. Rad1 {
Reis,H-Gerczuk,M/VLSBaden 1992/GER 04/0-1 (59)}) (2... c5 3. e3 Qb6 (3... cxd4
4. exd4 Qb6 5. Nc3 Bb4 6. Qd3 Nc6 7. Nf3 Nf6 8. Be2 O-O 9. O-O Be7 10. a3 d6
11. Nb5 Rd8 12. c4 e5 13. d5 exf4 14. dxc6 bxc6 15. Nc3 d5 16. Na4 Qa5 17. Qc2
dxc4 18. Bxc4 Bf5 19. Qb3 Rab8 20. Bxf7+ Kf8 21. Qc4 Bd3 22. Qxf4 Bxf1 23. Ng5
Qd2 24. Qxd2 Rxd2 25. Rxf1 Nd7 26. Nf3 Rc2 27. Be6 Nc5 28. Bf5 Rc4 29. Nxc5
Bxc5 30. Bxh7 Rxb2 31. h3 Rc3 32. Be4 Bxa3 33. Ne5 c5 34. Rd1 Re2 35. f3 Rc1
36. Rxc1 Bxc1 37. Nd7+ Ke7 38. Nxc5 Be3+ 39. Kf1 Rf2+ 40. Ke1 {
0-1 Stephenson,F-Harley,A/BCF-ch 1993/TD 93\10 (40)}) 4. Nc3 Nf6 5. Rb1 cxd4 6.
exd4 Bb4 7. Nf3 O-O 8. Bd3 Qa5 9. O-O Bxc3 10. bxc3 d5 11. Rb3 Nc6 12. Ne5 Nxe5
13. Bxe5 Nd7 14. Bxh7+ Kxh7 15. Qh5+ Kg8 16. Bxg7 f5 17. Qg6 Rf7 18. Bh6+ {
1-0 Semrl,M-Sale,S/Ljubljana op 1996/EXP 53 (18)}) 3. e4 3... Nf6 $14 (3... d5
4. Nd2 $11) 4. Bd3 Be7 5. c3 O-O 6. Ne2 Nbd7 7. O-O Re8 8. Qc2 8... b6 $16 (
8... e5 $5 $142 {ist bedenkenswert} 9. Be3 9... h6 $11) 9. e5 $1 {
zementiert den Vorteil} 9... dxe5 10. dxe5 (10. Bxe5 $6 10... c5 $11 (10...
Nxe5 $143 11. dxe5 Nd5 12. Bxh7+ Kh8 13. Be4 $18)) 10... Nd5 11. Bxh7+ Kf8 12.
Bg3 Bb7 13. Rd1 (13. Rd1 Bg5 14. c4 $18) 1-0

[Event "ICS rated blitz match"]
[Site "204.178.125.65"]
[Date "1999.08.17"]
[Round "?"]
[White "Dejan"]
[Black "Hossa"]
[Result "0-1"]
[WhiteElo "2253"]
[BlackElo "2378"]
[PlyCount "144"]
[EventDate "1999.??.??"]

1. d4 d6 2. Nf3 d5 3. Bf4 Bf5 4. e3 e6 5. Be2 Bd6 6. Bg3 c5 7. c4 Bxg3 8. hxg3
Qb6 9. Qb3 Qxb3 10. axb3 cxd4 11. Nxd4 Be4 12. Bf3 Bxf3 13. gxf3 Kd7 14. Nc3
Nf6 15. f4 Rc8 16. cxd5 exd5 17. Ke2 Nc6 18. Rhd1 Nxd4+ 19. Rxd4 Ke6 20. Ra5 b6
21. Ra6 Rc7 22. Rda4 Rac8 23. Rxa7 Rxa7 24. Rxa7 Rc5 25. Rb7 Nd7 26. Kd3 Rc6
27. Kc2 Nc5 28. Rb8 Ne4 29. Rh8 h6 30. Rh7 Kf6 31. Kd3 Nxf2+ 32. Kd4 Kg6 33.
Rh8 Kf5 34. Rf8 f6 35. Rf7 Kg6 36. Rb7 Re6 37. Nxd5 Re4+ 38. Kc3 h5 39. Rxb6
Nh1 40. Kd3 Nxg3 41. Rb8 f5 42. b4 h4 43. Rh8 Nh5 44. Rc8 h3 45. Rc2 Nf6 46.
Nc3 Rxb4 47. Rh2 Ng4 48. Re2 h2 49. Re1 Nf2+ 50. Kc2 Rxb2+ 51. Kxb2 Nd3+ 52.
Kb3 Nxe1 53. Kc4 h1=Q 54. Nd5 Qe4+ 55. Kc5 Ng2 56. Kd6 Nxe3 57. Ne7+ Kh5 58.
Kd7 Qxe7+ 59. Kxe7 Nd5+ 60. Ke6 g5 61. Kxf5 gxf4 62. Ke4 Kg4 63. Kd3 f3 64. Kd2
f2 65. Ke2 Kg3 66. Kf1 Ne3+ 67. Ke2 f1=Q+ 68. Kd2 Kf4 69. Kc3 Qb1 70. Kd4 Qc1
71. Kd3 Qc2+ 72. Kd4 72... Qc4# {Dejan checkmated} 0-1

[Event "ICS Rated blitz match"]
[Site "204.178.125.65"]
[Date "1999.08.17"]
[Round "?"]
[White "Secret"]
[Black "Hossa"]
[Result "1-0"]
[WhiteElo "2730"]
[BlackElo "2384"]
[Annotator "saj"]
[PlyCount "115"]
[EventDate "1999.??.??"]

1. d4 {. . Avrukh,B} 1... Nf6 2. c4 e6 3. Nf3 b6 4. g3 Bb4+ 5. Bd2 Be7 6. Bg2
d5 ({RR} 6... c6 7. Bc3 d5 ({RR} 7... O-O 8. Nbd2 d5 9. Ne5 Nfd7 10. Nd3 a5 11.
b3 b5 12. c5 b4 13. Bb2 Ba6 14. Qc2 Bf6 15. Ne5 Nxe5 16. dxe5 Be7 17. f4 Nd7
18. Bd4 Rb8 19. e3 f6 20. Nf3 fxe5 21. Nxe5 Nxe5 22. Bxe5 {
Polak,T-Cherniaev,A/Biel 1998/EXT 99/0-1 (43)}) 8. Nbd2 Nbd7 9. O-O O-O 10. Re1
Bb7 11. b4 dxc4 12. Nxc4 Nd5 13. Qb3 Nxc3 14. Qxc3 c5 15. bxc5 bxc5 16. Red1
cxd4 17. Qxd4 Nf6 18. Qxd8 Rfxd8 19. Nfe5 Bxg2 20. Kxg2 Rac8 21. Rab1 {
Salov,V-Adams,M/FRA-chT 1992/EXT 97/ - (81)}) 7. O-O $146 ({RR} 7. Nc3 7... c6
8. Ne5 Nfd7 9. Bf4 Nxe5 10. Bxe5 O-O 11. cxd5 cxd5 12. e4 Bb7 13. exd5 Bb4 14.
Qg4 f6 15. Bf4 Bxd5 16. O-O Bxc3 17. bxc3 Nc6 18. Rfe1 Re8 19. Bf1 Na5 20. Bd3
Qd7 21. Qh5 21... g6 {
Krasenkow,M-Jaracz,P/Sopot 1997/CBM 59/[Avrukh,B]/1-0 (46)}) 7... c5 8. dxc5
bxc5 9. cxd5 exd5 10. Ne5 O-O 11. Nc3 Re8 12. Qb3 c4 13. Nxc4 Be6 14. Qd1 Nc6
15. Bf4 Rc8 16. Ne5 Nxe5 17. Bxe5 Qd7 18. e3 Bh3 19. Nxd5 Nxd5 20. Bxh3 Qxh3
21. Qxd5 Rc5 22. Qe4 Bf6 23. f4 Bxe5 24. fxe5 Rcxe5 25. Qb7 R5e7 26. Qb3 Rc7
27. Rac1 Rce7 28. Qd5 Rd7 29. Qf5 Qxf5 30. Rxf5 g6 31. Rf3 f5 32. Rc2 Red8 33.
Kg2 a5 34. Rff2 Rd3 35. Kf3 Re8 36. Rfe2 Red8 37. Rc5 R3d5 38. Rxd5 Rxd5 39. e4
fxe4+ 40. Kxe4 Rd8 41. Rc2 Re8+ 42. Kd5 Rd8+ 43. Ke6 Re8+ 44. Kd7 Re4 45. b3
Re5 46. Kc6 Kf7 47. Rc5 Re2 48. Rxa5 Rxh2 49. b4 Rc2+ 50. Kd5 Rc3 51. Ra7+ Kg8
52. b5 Rxg3 53. b6 Rd3+ 54. Kc5 Rf3 55. b7 Rf5+ 56. Kd6 Rf6+ 57. Ke7 Kg7 58.
b8=Q {Hossa resigns} 1-0

[Event "ICS Rated blitz match"]
[Site "204.178.125.65"]
[Date "1999.08.17"]
[Round "?"]
[White "Hossa"]
[Black "Secret"]
[Result "0-1"]
[WhiteElo "2380"]
[BlackElo "2734"]
[Annotator "saj"]
[PlyCount "125"]
[EventDate "1999.??.??"]

1. d4 Nf6 2. c4 g6 3. Nc3 Bg7 4. e4 d6 5. f3 O-O 6. Be3 e5 7. Nge2 c6 8. Qd2
Nbd7 9. O-O-O a6 10. Kb1 b5 11. c5 ({RR} 11. d5 11... cxd5 12. Nxd5 Nxd5 13.
Qxd5 Nb6 14. Bxb6 Qxb6 15. Qxd6 Qxd6 16. Rxd6 bxc4 17. Nc3 Be6 18. Nd5 Bxd5 19.
Rxd5 Rfc8 20. Kc2 Rc6 21. Kc3 Rac8 22. Be2 Bf6 23. Rhd1 Be7 24. Rd7 Bc5 25.
R1d5 Bd4+ 26. Kc2 a5 27. Rd8+ Rxd8 28. Rxd8+ Kg7 29. Ra8 Rc5 30. Ra6 h5 31. a4
Bg1 32. Kc3 Bd4+ 33. Kc2 Bg1 34. Kc3 34... Bd4+ {
- Ward,C-McShane,L/Hastings 1998/CBM 63 (34)}) 11... Qe7 12. cxd6 ({RR} 12.
dxe5 12... dxe5 13. Qd6 Qxd6 14. Rxd6 Bb7 15. Rd1 Rad8 16. Nc1 Nb8 17. Be2 Nh5
18. g3 Bf6 19. b4 Bc8 20. Nb3 Ng7 21. Kc2 Rxd1 22. Nxd1 Bd8 23. Nf2 f5 24. Rd1
Kf7 25. f4 Bc7 26. fxe5 Bxe5 27. Nd3 Bc7 28. Rf1 28... Re8 {
- Nenashev,A-Dolmatov,S/Kemerovo 1995/CBM 50 (28)}) 12... Qxd6 13. dxe5 $146 ({
RR} 13. Qc2 13... Qe7 14. dxe5 Nxe5 15. Nf4 Re8 16. Be2 Nfd7 17. Rd2 Rb8 18. b3
a5 19. Nd3 Nxd3 20. Rxd3 a4 21. Rc1 Ne5 22. Rdd1 axb3 23. axb3 Nc4 24. bxc4
bxc4+ 25. Ka2 Rb3 26. Nb1 26... Qb4 {
0-1 Jakubowski,T-Schmidt,W/Augustow 1996/EXT 99 (26)}) 13... Qxd2 14. Rxd2 Nxe5
15. Rd1 Bb7 16. Bc5 Rfe8 17. b3 Rad8 18. Rxd8 Rxd8 19. b4 Nfd7 20. Bf2 Bf8 21.
a3 a5 22. bxa5 Bxa3 23. Be1 b4 24. Na2 c5 25. Nec1 Ra8 26. Nb3 Ba6 27. Bxa6
Rxa6 28. Bd2 Nc6 29. Na1 Nxa5 30. Rd1 Rd6 31. Kc2 Nc6 32. Be3 Rxd1 33. Kxd1 Bb2
34. Nb3 c4 35. Nd2 b3 36. Nc1 Na5 37. Bf4 Nc5 38. Bd6 c3 39. Bxc5 c2+ 40. Ke2
Bxc1 41. Kd3 Bxd2 42. Kxd2 Nc4+ 43. Kc1 Ne5 44. Ba3 g5 45. g3 Nxf3 46. Be7 Ne5
47. Kd2 g4 48. Bb4 f6 49. Be7 Kg7 50. Bb4 Kf7 51. Bc5 c1=Q+ 52. Kxc1 Nd3+ 53.
Kb1 Nxc5 54. Kb2 h5 55. Ka3 Kg6 56. Kb2 Nxe4 57. Kxb3 Nxg3 58. Kc2 Nf1 59. Kd1
Nxh2 60. Ke1 g3 61. Ke2 h4 62. Ke1 Kg5 63. Ke2 {Hossa resigns} 0-1

[Event "ICS Rated blitz match"]
[Site "204.178.125.65"]
[Date "1999.08.17"]
[Round "?"]
[White "Secret"]
[Black "Hossa"]
[Result "1-0"]
[WhiteElo "2738"]
[BlackElo "2376"]
[Annotator "saj"]
[PlyCount "69"]
[EventDate "1999.??.??"]

1. e4 e5 2. Nf3 d6 3. d4 exd4 4. Nxd4 g6 5. Nc3 Bg7 6. Be3 ({RR} 6. g3 6... Nc6
7. Nde2 Nf6 8. Bg2 O-O 9. O-O Re8 10. h3 Rb8 11. f4 h5 12. Be3 Nxe4 13. Bxe4 d5
14. Bxd5 Rxe3 15. Bxc6 Qxd1 16. Raxd1 bxc6 17. Rd8+ Kh7 18. Kf2 Re6 19. f5 gxf5
20. Nf4 20... Rd6 {Romero Holmes,A-Rivas Pastor,M/Mesa 1992/TD/0-1 (41)}) ({RR
} 6. h4 6... Nf6 7. Be3 Nc6 8. Qd2 O-O 9. f3 d5 10. exd5 Nxd5 11. Nxc6 bxc6 12.
O-O-O Bxc3 13. bxc3 13... Qe7 {
0-1 Stankovic,M-Khurtsidze,N/Ulcinj 1998/EXT 99 (13)}) 6... Ne7 7. Qd2 7... f5
$146 ({RR} 7... Nbc6 8. O-O-O O-O ({RR} 8... a6 9. Nxc6 Nxc6 10. Bh6 O-O 11.
Bxg7 Kxg7 12. Nd5 Be6 13. Qc3+ f6 14. Bc4 Bxd5 15. Bxd5 Qd7 16. h3 a5 17. a3
Ra6 18. Bc4 Rb6 19. f4 Qe7 20. Rhe1 a4 21. Rd5 Kh8 22. Kb1 Qg7 23. g4 {
Svensson,B-Fridh,A/SWE 1978/MCD/1-0 (38)}) 9. h4 Nxd4 10. Bxd4 Bxd4 11. Qxd4
Nc6 12. Qd2 h5 13. Be2 Ne5 14. Rdf1 Be6 15. f4 Nc4 16. Qd3 c6 17. b3 Nb6 18. f5
Bc8 19. g4 hxg4 20. Bxg4 Nd7 21. Qg3 Ne5 22. Be2 Kh7 23. f6 Rg8 24. Qg5 Qa5 25.
Nb5 Bg4 26. h5 {1-0 Ivkov,B-Fallone,M/Moscow 1956/MCD (26)}) ({RR} 7... O-O 8.
Bc4 Nbc6 9. O-O-O Bxd4 10. Bxd4 Nxd4 11. Qxd4 Nc6 12. Qd2 Be6 13. Bxe6 {
- Radoja,D-Garkov,M/Cheliabinsk 1990/EXT 97 (13)}) 8. O-O-O fxe4 9. Nxe4 O-O
10. Bh6 d5 11. Bxg7 Kxg7 12. Ng5 Rf6 13. Qe3 Kg8 14. Kb1 Nf5 15. Nxf5 Bxf5 16.
Bd3 Bxd3 17. Rxd3 c6 18. Re1 Na6 19. Qh3 h5 20. f3 Nc5 21. Rde3 Rf5 22. Ne6
Nxe6 23. Rxe6 Qg5 24. g4 Rf4 25. Re7 h4 26. Rxb7 Rf6 27. Ree7 Qd2 28. Qf1 Qxh2
29. Qe1 Qd6 30. Rg7+ Kf8 31. Rh7 Kg8 32. Rh8+ Kxh8 33. Qxh4+ Kg8 34. Qh7+ Kf8
35. Qh8# {Hossa checkmated} 1-0

[Event "ICS Rated blitz match"]
[Site "204.178.125.65"]
[Date "1999.08.17"]
[Round "?"]
[White "StrongBach"]
[Black "Hossa"]
[Result "0-1"]
[WhiteElo "1902"]
[BlackElo "2372"]
[PlyCount "54"]
[EventDate "1999.??.??"]

1. Nc3 Nf6 2. d4 d5 3. Bf4 Bd7 4. e3 e6 5. a3 Be7 6. Qf3 O-O 7. Be2 c5 8. Bg3
cxd4 9. exd4 Nc6 10. Qe3 Qb6 11. Nb5 Rfc8 12. O-O-O Na5 13. Nc3 Nc4 14. Bxc4
Rxc4 15. Nh3 Rac8 16. Rd3 Ne4 17. Kd1 Qxb2 18. Nxe4 dxe4 19. Rb3 Rxd4+ 20. Qxd4
Qxd4+ 21. Kc1 Qc4 22. Rb2 Bxa3 23. Kb1 Bxb2 24. Kxb2 Qxc2+ 25. Ka1 Rc4 26. Bd6
Ra4+ 27. Ba3 27... Rxa3# {StrongBach checkmated} 0-1

[Event "ICS Rated blitz match"]
[Site "204.178.125.65"]
[Date "1999.08.17"]
[Round "?"]
[White "Hossa"]
[Black "counterplay"]
[Result "0-1"]
[WhiteElo "2374"]
[BlackElo "2836"]
[Annotator "saj"]
[PlyCount "125"]
[EventDate "1999.??.??"]

1. d4 {. . . Stohl} 1... Nf6 2. c4 e6 3. Nc3 d5 4. Bf4 c6 5. e3 Nbd7 6. Nf3 Be7
7. Be2 ({RR} 7. c5 7... Nh5 8. Bd3 ({RR} 8. b4 8... Nxf4 9. exf4 Qc7 10. g3 b6
11. Bd3 a5 12. a3 Ba6 13. O-O Bxd3 14. Qxd3 O-O 15. Qe3 Bf6 16. h4 Rfb8 17. Ne5
bxc5 18. bxc5 Rb7 19. Rfb1 Rab8 20. Qe1 Nxe5 21. fxe5 Bd8 22. Qd1 Rxb1 23. Rxb1
Rb7 24. Kg2 Qb8 25. Rxb7 Qxb7 26. Qb1 Qxb1 27. Nxb1 f6 28. f4 fxe5 29. fxe5 g5
30. hxg5 Bxg5 31. Kf3 {- Ruzele,D-Thielsch,N/Berlin 1998/CBM 66 ext (31)}) 8...
O-O 9. O-O f5 10. b4 a6 11. a4 h6 12. b5 axb5 13. axb5 Rxa1 14. Qxa1 g5 15.
bxc6 Nxc5 16. c7 Qe8 17. Bb5 Bd7 18. Be5 Ne4 19. Bxd7 Qxd7 20. Qa4 Nhf6 21.
Bxf6 Nxf6 22. Qxd7 Nxd7 23. Rb1 Ra8 24. Rxb7 Kf7 25. g3 Ke8 26. Nb5 {
1-0 Gulko,B-Lautier,J/Dos Hermanas 1994/CBM 41/[Stohl] (26)}) 7... Nh5 $146 ({
RR} 7... dxc4 8. Bxc4 Nd5 ({RR} 8... b5 9. Bd3 a6 10. e4 Bb7 11. e5 Nh5 12. Be3
c5 13. Be4 Bxe4 14. Nxe4 cxd4 15. Nxd4 g6 16. Nc6 Qc7 17. Rc1 Nxe5 18. Nxe7
Qxe7 19. Bc5 Rd8 20. Bxe7 Rxd1+ 21. Kxd1 Kxe7 22. Rc7+ Kf8 23. Rc8+ Kg7 24.
Rxh8 Kxh8 25. g3 Kg7 26. Ke2 Nf6 27. Nxf6 Kxf6 28. Rc1 h5 29. Rc7 {
1-0 Gurevich,M-Benaissa,M/Brussels 1995/EXT 97 (29)}) 9. Bg3 N7f6 10. O-O Nxc3
11. bxc3 Ne4 12. Qc2 Nxg3 13. fxg3 Bf6 14. Rf2 O-O 15. Raf1 Qc7 16. g4 g6 17.
e4 h6 18. e5 Bg7 19. Nd2 c5 20. Ne4 cxd4 21. cxd4 Bd7 22. Nd6 {
Hajek,L-Posta,P/CZE 1997/EXT 98/1-0 (56)}) ({RR} 7... O-O 8. O-O Re8 9. a3 Nh5
10. Bg3 Nxg3 11. hxg3 Bd6 12. b4 dxc4 13. Bxc4 Nb6 14. Be2 Nd5 15. Qb3 Qe7 16.
Rfd1 Bd7 17. Ne4 Rad8 18. Nxd6 Qxd6 19. Rac1 Nb6 20. Ne5 Qe7 21. Nxd7 Rxd7 22.
b5 {Sibler,S-Rolli,M/Baden 1994/EXT 99/1-0 (43)}) 8. Be5 O-O 9. O-O f6 10. Bg3
Nxg3 11. fxg3 dxc4 12. Bxc4 Nb6 13. Bb3 Nd5 14. Qd3 Nxc3 15. bxc3 Qd6 16. Nd2
Rd8 17. Nc4 Qc5 18. e4 Qb5 19. Rab1 Qg5 20. Rb2 c5 21. Ne3 cxd4 22. cxd4 Bc5
23. Nf5 Kh8 24. Rc2 b6 25. Qf3 exf5 26. dxc5 fxe4 27. Qxe4 Ba6 28. Bc4 Qxc5+
29. Kh1 Rac8 30. Bb3 Qe5 31. Rxc8 Rxc8 32. Qxe5 fxe5 33. Re1 e4 34. h4 Bd3 35.
Bd5 Rd8 36. Bc6 g6 37. Re3 Rd4 38. g4 h6 39. h5 Kg7 40. a4 a6 41. Kh2 b5 42.
axb5 axb5 43. Kg3 b4 44. Ba4 g5 45. Kf2 Kf6 46. Re1 Ke5 47. Rc1 Rc4 48. Ra1 Rc3
49. Bd7 b3 50. Ra5+ Kd6 51. Bb5 Rc2+ 52. Ke3 Re2+ 53. Kd4 b2 54. Ra6+ Kc7 55.
Rc6+ Kb7 56. Bxd3 exd3 57. Rf6 b1=Q 58. Rf7+ Kc6 59. Rf6+ Kb5 60. Rf5+ Kb4 61.
Kd5 Qa2+ 62. Kc6 Qe6+ 63. Kc7 {Hossa resigns} 0-1

[Event "ICS Rated blitz match"]
[Site "204.178.125.65"]
[Date "1999.08.17"]
[Round "?"]
[White "rigacombination"]
[Black "Hossa"]
[Result "1-0"]
[WhiteElo "2280"]
[BlackElo "2372"]
[PlyCount "141"]
[EventDate "1999.??.??"]

1. e4 e5 2. Nf3 d6 3. Bc4 f5 4. d3 fxe4 5. dxe4 Nc6 6. Nc3 Bg4 7. Qd5 Qd7 8.
Be3 Nf6 9. Qd2 Be7 10. O-O-O O-O-O 11. Rhe1 Rhf8 12. Kb1 Nh5 13. Nd5 Bxf3 14.
gxf3 Rxf3 15. Be2 Rh3 16. Rg1 Rh4 17. Nxe7+ Nxe7 18. Bg5 Rxe4 19. Bxh5 g6 20.
Bf3 Ra4 21. b3 Rd4 22. Qa5 Rxd1+ 23. Rxd1 Qf5 24. Bxb7+ Kxb7 25. Bxe7 Rb8 26.
Qd5+ Kb6 27. Bh4 Qg4 28. Bg3 Qe2 29. f4 exf4 30. Bxf4 Rf8 31. Bc1 Qxh2 32. Be3+
c5 33. Qxd6+ Qxd6 34. Rxd6+ Kc7 35. Re6 Rf5 36. Re7+ Kb6 37. Rxh7 Re5 38. Bd2
Rd5 39. Bc3 a6 40. Rg7 Rg5 41. Kb2 Rg3 42. Be5 Rg4 43. Kc3 Kc6 44. Rf7 Kd5 45.
Bb8 Rb4 46. Ba7 Rh4 47. Rf6 Rh3+ 48. Kb2 Rh7 49. Bb8 Rb7 50. Bg3 g5 51. Rf5+
Kc6 52. Rxg5 Rf7 53. Rg6+ Kb7 54. Bd6 Rf5 55. Kc3 Rf3+ 56. Kc4 Rf2 57. c3 Rxa2
58. Bxc5 Rc2 59. b4 Rc1 60. Bd4 Rb1 61. Kc5 Rh1 62. Rg7+ Kb8 63. Be5+ Ka8 64.
Kc6 Rh6+ 65. Bd6 Re6 66. c4 Rh6 67. c5 Rg6 68. Rxg6 Ka7 69. Rg7+ Ka8 70. Kb6 a5
71. Rg8# {Hossa checkmated} 1-0

[Event "ICS Rated blitz match"]
[Site "204.178.125.65"]
[Date "1999.08.17"]
[Round "?"]
[White "rigacombination"]
[Black "Hossa"]
[Result "0-1"]
[WhiteElo "2286"]
[BlackElo "2366"]
[PlyCount "74"]
[EventDate "1999.??.??"]

1. d4 d6 2. e4 Nf6 3. Nc3 g6 4. g3 Bg7 5. Bg2 Nfd7 6. Nge2 e5 7. O-O f5 8. exf5
gxf5 9. dxe5 dxe5 10. Qd5 Qe7 11. Re1 Nb6 12. Qb3 Be6 13. Nd5 Nxd5 14. Bxd5
Bxd5 15. Qxd5 Nc6 16. Be3 Qd6 17. Qb3 O-O-O 18. Nc3 Qg6 19. Qa4 Kb8 20. b4 f4
21. Bc5 fxg3 22. hxg3 e4 23. Re3 Bxc3 24. Rxc3 Qf6 25. Qa3 a6 26. Re1 Qf5 27.
Rc4 Ne5 28. Rcxe4 Nf3+ 29. Kg2 Nxe1+ 30. Rxe1 Qxc2 31. Re7 Rd3 32. Qa5 b6 33.
Bxb6 Qc6+ 34. Kh3 Qh1+ 35. Kg4 Rg8+ 36. Kf5 Qf3+ 37. Ke6 37... Rd6+ {
rigacombination resigns} 0-1

[Event "ICS Rated blitz match"]
[Site "204.178.125.65"]
[Date "1999.08.17"]
[Round "?"]
[White "Hossa"]
[Black "Satama"]
[Result "0-1"]
[WhiteElo "2378"]
[BlackElo "2325"]
[Annotator "saj"]
[PlyCount "59"]
[EventDate "1999.??.??"]

1. d4 g6 2. c4 Bg7 3. Nf3 c5 4. d5 Nf6 5. Nc3 O-O 6. e4 d6 7. Be2 e6 8. Bg5 h6
9. Bh4 exd5 ({RR} 9... Re8 10. Nd2 e5 11. O-O Nbd7 12. a3 g5 13. Bg3 Nf8 14. b4
b6 15. bxc5 bxc5 16. Rb1 Ng6 17. Qa4 Bf8 18. f3 Nh5 19. Be1 Nhf4 20. g3 Bd7 21.
Qc2 Nh3+ 22. Kh1 h5 23. Nb3 a6 24. Nd1 Ba4 25. Qd3 h4 26. Nf2 Nxf2+ 27. Rxf2 f6
28. Bf1 Ra7 29. Na5 Rh7 30. Kg1 hxg3 31. hxg3 Bd7 32. Rfb2 Qe7 33. Rh2 Rxh2 34.
Kxh2 Qh7+ 35. Kg1 Re7 36. Nc6 Rg7 37. Nd8 Qh5 38. Ne6 Rh7 39. Bg2 Qh2+ 40. Kf1
Be7 41. Rb8+ Nf8 42. Qb3 Kf7 43. Qb7 Bxe6 44. dxe6+ {
Fedder,S-Ghitescu,T/Roskilde 1978/MCD/1-0 (54)}) 10. exd5 Re8 ({RR} 10... Bf5
11. O-O Na6 12. a3 Nc7 13. Bd3 Qd7 14. Bxf5 Qxf5 15. Bg3 Qd7 16. h3 a6 17. Re1
b5 18. cxb5 axb5 19. Qc2 Rfe8 20. Ne4 Nxe4 21. Rxe4 Rxe4 22. Qxe4 Bxb2 23. Rb1
Bg7 24. Qf4 Bf8 25. Qd2 Rxa3 26. Bf4 Kh7 27. Re1 Qf5 28. Bg3 b4 29. Re3 Rxe3
30. Qxe3 Qxd5 31. Nd2 Qe6 32. Qd3 Ne8 33. Bf4 d5 34. Qb5 c4 35. Be3 b3 36. Nf3
Bg7 37. Nd4 Qe4 38. Qd7 b2 39. Qxf7 b1=Q+ 40. Kh2 40... Qb8+ {
0-1 Lukac,P-Malzan,I/Bratislava 1997/EXT 98 (40)}) 11. O-O 11... Bg4 $146 ({RR
} 11... Bf5 12. h3 ({RR} 12. Bd3 12... Bxd3 13. Qxd3 Nbd7 14. Nb5 Nb6 15. Rfe1
Qd7 16. Bg3 Bf8 17. Rxe8 Rxe8 18. Nxa7 Qa4 19. Nb5 Qxc4 20. Qxc4 Nxc4 21. b3
Nb6 22. Nxd6 Re7 23. Ne5 Nbxd5 24. Nec4 b6 25. Kf1 Bg7 26. Re1 Kf8 27. Rxe7
Kxe7 28. Nc8+ Kd7 29. N8xb6+ Kc6 30. Nxd5 Nxd5 31. Be5 f6 32. Bb2 Nb4 33. a3
Nc2 34. Ke2 Nd4+ 35. Bxd4 cxd4 36. Kd3 Kc5 37. b4+ Kd5 38. b5 f5 39. b6 Kc6 40.
a4 {1-0 Plhal-Vokoun,J/Cihak 1969/EXT 99 (40)}) 12... g5 13. Bg3 Ne4 14. Nxe4
Bxe4 15. Bd3 Na6 16. Bxe4 Rxe4 17. Qd3 Re8 18. Qf5 Qc7 19. h4 gxh4 20. Nxh4
Rad8 21. Qh5 Bxb2 22. Rab1 Be5 23. Nf5 f6 24. Qg6+ Kf8 25. Qxh6+ Kg8 26. Qg6+
Kf8 27. Rb3 b6 28. Bxe5 fxe5 29. Rh3 {
1-0 Bock,U-Huebner,T/OLHessen 1992/GER (29)}) ({RR} 11... Na6 12. Bd3 Nc7 13.
Qc2 Kh7 14. Nd2 a6 15. a4 b6 16. Nde4 Bf5 17. h3 Rb8 18. Rfe1 Bxe4 19. Nxe4 b5
20. b3 bxc4 21. bxc4 Rf8 22. Rab1 Nce8 23. Rxb8 Qxb8 24. Rb1 Qc7 25. Nd2 Nh5
26. Qb3 {Alvarado,F-Castaneda,L/Santa Cruz 1995/EXT 97/1-0 (73)}) 12. Re1 Bf8
13. Qb3 b6 14. Nd2 Bxe2 15. Rxe2 Rxe2 16. Nxe2 Nbd7 17. Re1 Bg7 18. Ne4 Qf8 19.
Nxf6+ Nxf6 20. Qa3 Qe7 21. b3 Re8 22. Qa6 Qe4 23. Bxf6 Bxf6 24. Qxa7 Bc3 25.
Rf1 Qxe2 26. g3 b5 27. cxb5 Qxb5 28. Qc7 Be5 29. Rc1 Qe2 30. Qa5 {Hossa resigns
} 0-1

[Event "ICS Rated blitz match"]
[Site "204.178.125.65"]
[Date "1999.08.17"]
[Round "?"]
[White "PostModernist"]
[Black "Hossa"]
[Result "1-0"]
[WhiteElo "2501"]
[BlackElo "2360"]
[Annotator "saj"]
[PlyCount "145"]
[EventDate "1999.??.??"]

1. e4 e5 2. Nf3 d6 3. Nc3 f5 4. d4 fxe4 5. Nxe4 d5 6. Ng3 exd4 ({RR} 6... e4 7.
Ne5 Nf6 8. Be2 Bd6 9. Bg5 O-O 10. O-O Qe8 11. Bxf6 gxf6 12. Ng4 f5 13. Nh6+ Kg7
14. Bh5 Qe7 15. Nf7 Rxf7 16. Bxf7 Qxf7 17. f3 Bxg3 18. hxg3 Qg6 19. Qe1 Nc6 20.
c3 Bd7 21. fxe4 {Schiffer,A-West,J/Parsippany 1998/EXT 99/ - (50)}) 7. Nxd4
7... Bb4+ $146 ({RR} 7... Nf6 8. Bg5 g6 9. Qe2+ Kf7 10. O-O-O Bg7 11. h4 c5 12.
Nf3 Re8 13. Qd2 Nc6 14. h5 Be6 15. Qf4 Qb8 16. Qh4 Ng4 17. Bd3 h6 18. Bxg6+ Kg8
19. Nf5 Bxf5 20. Bxf5 hxg5 21. Qxg4 Ne5 22. Qxg5 {
1-0 Fernandez Valles,J-Bronstein,D/Oviedo 1993/CBM 38 ext (22)}) 8. c3 Be7 9.
Ngf5 Bxf5 10. Nxf5 g6 11. Nd4 Nf6 12. Bb5+ c6 13. Bd3 Kd7 14. Qe2 Kc8 15. Ne6
Qd7 16. O-O Re8 17. Re1 Bd6 18. b3 Nh5 19. Bh6 Bf4 20. Bf8 Qf7 21. g3 Nd7 22.
Ng5 Rxe2 23. Nxf7 Rxe1+ 24. Rxe1 Nhf6 25. gxf4 Nxf8 26. Re7 Rb8 27. Nd6+ Kd8
28. Rxb7 Rxb7 29. Nxb7+ Kc7 30. Nc5 Kd6 31. b4 Ne6 32. Nxe6 Kxe6 33. Kg2 Nd7
34. Kg3 Kf6 35. f5 Ne5 36. Bc2 gxf5 37. Ba4 Ke6 38. f3 Nd3 39. Bc2 Nc1 40. a3
Ne2+ 41. Kh4 Kf6 42. Kh5 Nxc3 43. Kh6 a5 44. bxa5 Nb5 45. Ba4 Na7 46. h4 Ke5
47. Kxh7 Kf6 48. h5 f4 49. h6 Kf7 50. a6 Kf8 51. Kg6 Kg8 52. Kg5 c5 53. Kxf4
Kh7 54. Ke5 d4 55. Kd5 d3 56. Kxc5 Nc8 57. Kc6 d2 58. Bd1 Kxh6 59. a4 Kg5 60.
Kc7 Ne7 61. a7 Nd5+ 62. Kd6 Nb6 63. Kc6 Nc4 64. a8=Q Nb2 65. Qg8+ Kf5 66. Qg4+
Kf6 67. Qd4+ Kf7 68. Qxb2 Ke7 69. Bb3 Ke8 70. Qe5+ Kf8 71. Qf6+ Ke8 72. Qf7+
Kd8 73. Qd7# {Hossa checkmated} 1-0